| 000 | 00561nam a22002057a 4500 | ||
|---|---|---|---|
| 005 | 20240814174154.0 | ||
| 008 | s1931 eng d | ||
| 041 | _aeng | ||
| 100 | 0 | _aDicey, A. V. | |
| 245 | 1 | 0 | _aIntroduction to the study of the law of the constitution |
| 260 | 3 |
_aLondon : _bMacillan and Co., _c1931 |
|
| 300 | _a577 p. | ||
| 650 | 0 | 4 | _aConstitutional law -- Australia |
| 650 | 0 | 4 | _aConstitutions |
| 850 | _aNALT | ||
| 942 | _cLB | ||
| 997 | _c000000000020626 | ||
| 998 |
_aBENJALUCK SUTTHIWILAI _j25 _k นีลวัสน์ อินทรักษา |
||
| 999 |
_c20626 _d20626 |
||
| 090 | _aKD5 D52I 1931 | ||